| 000 | 01480nam0a22003011 4500 | ||
|---|---|---|---|
| 001 | rc\4893533 | ||
| 005 | 20260405053849.0 | ||
| 021 |
_aRU _b[60-55176] |
||
| 035 | _a(NLR Aleph) 008924122 | ||
| 090 |
_a8842959 _c8842959 |
||
| 100 | _a20130426d1960 |||y0rusy50 ca | ||
| 101 | 0 | _arus | |
| 102 | _aRU | ||
| 105 | _aa z ||||| | ||
| 200 | 1 |
_aЯдерная геофизика при поисках полезных ископаемых _e(Новые радиоактивные методы исследования) _e[Сборник статей] _fПод ред. д-ра геол.-минерал. наук проф. Ф.А. Алексеева |
|
| 210 |
_aМосква _cГостоптехиздат _d1960 |
||
| 215 |
_a287 с. _cил. _d23 |
||
| 320 | _aБиблиогр. в конце статей | ||
| 606 |
_aБуровые скважины _xИсследование _xРадиометрический метод _jСборники _2psbo |
||
| 606 |
_aЯдерная геофизика _jСборники _2psbo |
||
| 606 |
_aПолезные ископаемые _xПоиски и разведка _xРадиометрический метод _jСборники _2psbo |
||
| 702 | 1 |
_4340 _7ca _8rus _aАлексеев _bФ.А. _cд-р геол.-минерал. наук _f1912-1978 _gФедор Алексеевич _3RU\NLR\AUTH\7717673 _9759 |
|
| 801 | 0 |
_aRU _bNLR _gpsbo |
|
| 801 | 1 |
_aRU _bELAR _2rusmarc |
|
| 852 |
_aNLR _j60-5/3501 |
||
| 942 | _cBOOK | ||
| 980 | _aNB | ||